Torschützenliste der Fußball-Bundesliga 2012-2013 - Statistiken

Allgemein
  • Dieses Quiz wurde 98 mal gespielt
  • Das Durchschnittsergebnis liegt bei 9 aus 11
Antwortstatistiken
Tore Nationalität Verein Spieler % Korrekt
24 Polen Borussia Dortmund Robert Lewandowski
100%
25 Deutschland Bayer 04 Leverkusen Stefan Kießling
95%
13 Deutschland FC Bayern München Thomas Müller
94%
12 Südkorea Hamburger SV Heung-Min Son
93%
14 Deutschland Borussia Dortmund Marco Reus
93%
16 Deutschland Eintracht Frankfurt Alex Meier
92%
15 Kroatien FC Bayern München Mario Mandžukić
92%
13 Ungarn 1. FSV Mainz 05 Ádám Szalai
82%
15 Herzegowina VfB Stuttgart Vedad Ibišević
79%
12 Lettland Hamburger SV Artjoms Rudņevs
49%
12 Senegal Hannover 96 Mame Diouf
48%
Keine übereinstimmenden Quizze gefunden
Verteilung der Resultate
Anzahl Personen mit jedem Resultat
Perzentil nach korrekt beantworteten Fragen
Ihre Resultats-Entwicklung
Sie haben dieses Quiz noch nicht gespielt